[Event "Eliteserien 2018 19"]
[Site "Oslo og Tromsø"]
[Date "2018.11.02"]
[Round "1"]
[White "Blomqvist, Erik"]
[Black "Hobber, Anders"]
[Result "1-0"]
[WhiteElo "2491"]
[BlackElo "2310"]
[PlyCount "67"]
[EventDate "2018.??.??"]

1. Nf3 d5 2. g3 c6 3. Bg2 Bg4 4. h3 Bh5 5. O-O Nd7 6. d3 e6 7. e4 Bd6 8. exd5
exd5 9. c4 Ne7 10. Nc3 O-O 11. cxd5 cxd5 12. g4 Bg6 13. Nh4 Nc5 14. d4 Ne6 15.
f4 Nc6 16. Nxg6 hxg6 17. Be3 Nc7 18. Qf3 Re8 19. Rad1 Bb4 20. Bf2 Bxc3 21. bxc3
Qf6 22. Bg3 Rad8 23. f5 Nb5 24. Qd3 Na3 25. Bf4 g5 26. Bc1 Nc4 27. Rde1 Rxe1
28. Rxe1 b5 29. h4 gxh4 30. g5 Qd6 31. g6 Qd7 32. Qf3 Ne7 33. Qh5 f6 34. Rxe7
1-0

[Event "Eliteserien 2018 19"]
[Site "Oslo og Tromsø"]
[Date "2018.11.02"]
[Round "1"]
[White "Hole, Øystein"]
[Black "Salomon, Johan"]
[Result "0-1"]
[WhiteElo "2299"]
[BlackElo "2494"]
[PlyCount "56"]
[EventDate "2018.??.??"]

1. Nf3 Nf6 2. c4 e6 3. Nc3 d5 4. d4 Bb4 5. cxd5 exd5 6. Bg5 h6 7. Bh4 O-O 8. e3
Bf5 9. Bd3 Bxd3 10. Qxd3 c6 11. O-O Be7 12. Rab1 Nbd7 13. b4 a6 14. a4 Nb6 15.
Nd2 Nfd7 16. Bg3 a5 17. b5 c5 18. e4 dxe4 19. Ndxe4 f5 20. Nd6 f4 21. Nxb7 Qc7
22. Qe4 fxg3 23. hxg3 Nf6 24. Qe6+ Kh8 25. Nxc5 Bxc5 26. dxc5 Qxc5 27. Rfc1
Rae8 28. Qa2 Ng4
0-1

[Event "Eliteserien 2018 19"]
[Site "Oslo og Tromsø"]
[Date "2018.11.02"]
[Round "1"]
[White "Djurhuus, Rune"]
[Black "Skrondal, Inge Sandstad"]
[Result "1/2-1/2"]
[WhiteElo "2457"]
[BlackElo "2281"]
[PlyCount "101"]
[EventDate "2018.??.??"]

1. e4 c5 2. Nf3 g6 3. d4 cxd4 4. Nxd4 Nc6 5. c4 Nf6 6. Nc3 d6 7. f3 Nxd4 8.
Qxd4 Bg7 9. Be3 O-O 10. Qd2 Be6 11. Rc1 Qa5 12. Bd3 Rfc8 13. b3 Rab8 14. Nd5
Qxd2+ 15. Kxd2 Nxd5 16. cxd5 Bd7 17. a4 a6 18. a5 Bb2 19. Rxc8+ Rxc8 20. Bc4 f5
21. exf5 Bxf5 22. g4 Bd7 23. Kd3 Rf8 24. Ke4 Bc3 25. Bb6 Be5 26. h3 Rc8 27. Rf1
Bf6 28. Rf2 Kf7 29. Re2 Be5 30. f4 Bg7 31. Kf3 Bf6 32. Rc2 Bg7 33. Bd3 Rxc2 34.
Bxc2 e5 35. Bc7 Ke7 36. f5 gxf5 37. gxf5 Bf6 38. Bd3 Be8 39. Kg4 Kd7 40. Bb6
Ke7 41. Be3 Bf7 42. Bc4 Be8 43. h4 Bf7 44. Bg5 Be8 45. Bd3 Bf7 46. Be4 Be8 47.
b4 Bf7 48. Bh6 Be8 49. Bg5 Bf7 50. Bf3 Be8 51. Be4
1/2-1/2

[Event "Eliteserien 2018 19"]
[Site "Oslo og Tromsø"]
[Date "2018.11.02"]
[Round "1"]
[White "Andersen, Alf Roger"]
[Black "Haug, Johannes"]
[Result "0-1"]
[WhiteElo "2251"]
[BlackElo "2402"]
[PlyCount "62"]
[EventDate "2018.??.??"]

1. b3 Nf6 2. Bb2 b6 3. e3 Bb7 4. Nf3 e6 5. d4 d5 6. Bd3 Bd6 7. O-O O-O 8. Nbd2
c5 9. c4 Nbd7 10. cxd5 exd5 11. Rc1 Qe7 12. Re1 Rac8 13. Qe2 Rcd8 14. Nb1 Rfe8
15. Nc3 Ne4 16. dxc5 bxc5 17. Bb5 Rf8 18. Red1 Ndf6 19. Nxe4 Nxe4 20. Ba6 Ba8
21. Qc2 f5 22. g3 Kh8 23. Bf1 d4 24. exd4 f4 25. Bg2 fxg3 26. hxg3 Nxg3 27. Re1
Ne4 28. Ne5 Bxe5 29. Bxe4 Qg5+ 30. Kf1 Bh2 31. dxc5 Qg1+
0-1

[Event "Eliteserien 2018 19"]
[Site "Oslo og Tromsø"]
[Date "2018.11.02"]
[Round "1"]
[White "Tryggestad, Andreas G"]
[Black "Lahlum, Hans Olav"]
[Result "1-0"]
[WhiteElo "2333"]
[BlackElo "2122"]
[PlyCount "85"]
[EventDate "2018.??.??"]

1. d4 d5 2. c4 dxc4 3. Nf3 a6 4. a4 Nf6 5. Qc2 Bg4 6. e3 Nc6 7. Bxc4 e6 8. O-O
Bd6 9. Nbd2 O-O 10. b3 e5 11. Bb2 Qe7 12. h3 Bh5 13. Nh4 exd4 14. exd4 Qd7 15.
d5 Ne5 16. f4 Nxc4 17. bxc4 Bc5+ 18. Kh2 Be7 19. Rae1 Rfe8 20. Qc3 Bg6 21. a5
Nh5 22. Nxg6 fxg6 23. Ne4 Bf6 24. Qb3 Bxb2 25. Qxb2 Qa4 26. Qc3 b5 27. g4 Nf6
28. Nxf6+ gxf6 29. Rc1 Re2+ 30. Kg3 Rae8 31. Rf3 bxc4 32. Qxc4 Qxc4 33. Rxc4
R8e7 34. Rc6 Rd2 35. Rxf6 Rxd5 36. Rxa6 Re4 37. Rc3 c5 38. Rc6 Ra4 39. a6 Rd2
40. Rb3 Rda2 41. Rb7 R2a3+ 42. Kh4 Rxf4 43. Rc8+
1-0

[Event "Eliteserien 2018 19"]
[Site "Oslo og Tromsø"]
[Date "2018.11.02"]
[Round "1"]
[White "Gudbrandsen, Gustav"]
[Black "Nordquelle, Daniel"]
[Result "0-1"]
[WhiteElo "2241"]
[BlackElo "2235"]
[PlyCount "104"]
[EventDate "2018.??.??"]

1. e4 c5 2. Nf3 d6 3. Bb5+ Nd7 4. O-O a6 5. Bxd7+ Bxd7 6. d4 cxd4 7. Nxd4 Nf6
8. Nc3 e6 9. Be3 Be7 10. f3 O-O 11. Qd2 Rc8 12. Rfd1 h6 13. a4 e5 14. Nde2 Be6
15. a5 Rc6 16. Ng3 Kh7 17. Nd5 Bxd5 18. exd5 Rc8 19. Nf5 Qd7 20. Qd3 Kh8 21. c4
Rfe8 22. b4 Bf8 23. Ng3 g6 24. Rac1 Ng8 25. f4 f5 26. c5 exf4 27. Bxf4 dxc5 28.
d6 Bg7 29. bxc5 Nf6 30. Be3 Ng4 31. Bd4 Ne5 32. Qc3 Rcd8 33. Re1 Nc6 34. Bxg7+
Qxg7 35. Qxg7+ Kxg7 36. Ne2 Kf7 37. Nf4 Nxa5 38. Rxe8 Rxe8 39. Rb1 Re4 40. Nd3
Re3 41. Rd1 Nc6 42. Kf2 Re4 43. Rb1 Nd8 44. Rb6 a5 45. d7 a4 46. Rxb7 Ke7 47.
Rb6 Re6 48. Rb2 Kxd7 49. c6+ Kxc6 50. Rb8 Nb7 51. Ra8 Kb5 52. Ra7 Na5
0-1

[Event "Eliteserien 2018 19"]
[Site "Oslo og Tromsø"]
[Date "2018.11.02"]
[Round "1"]
[White "Galchenko, Matvey"]
[Black "Hammer, Jon Ludvig"]
[Result "1/2-1/2"]
[WhiteElo "2361"]
[BlackElo "2652"]
[PlyCount "75"]
[EventDate "2018.??.??"]

1. c4 e5 2. g3 c6 3. Nf3 e4 4. Nd4 d5 5. d3 Bc5 6. Nb3 Bb4+ 7. Bd2 Bxd2+ 8.
Qxd2 dxc4 9. dxc4 f5 10. Qxd8+ Kxd8 11. Nc3 Nf6 12. Nd4 Kc7 13. f3 Re8 14.
O-O-O Na6 15. Bg2 Bd7 16. fxe4 fxe4 17. h3 Re5 18. Rhf1 Rae8 19. Rf4 Rc5 20. b3
b5 21. Rxf6 gxf6 22. Nxe4 Rxe4 23. Bxe4 bxc4 24. Kb1 Re5 25. Bxh7 c5 26. Nc2
Rh5 27. Be4 cxb3 28. axb3 Bxh3 29. Kb2 Rg5 30. Ra1 Kb6 31. Bd3 Nc7 32. Ne3 Rxg3
33. Nc4+ Kb7 34. Nd6+ Kc6 35. Ne4 Re3 36. Nxf6 a6 37. Rc1 Re5 38. b4
1/2-1/2

[Event "Eliteserien 2018 19"]
[Site "Oslo og Tromsø"]
[Date "2018.11.02"]
[Round "1"]
[White "Flermoen, Peter"]
[Black "Mihajlov, Sebastian"]
[Result "1/2-1/2"]
[WhiteElo "2314"]
[BlackElo "2363"]
[PlyCount "72"]
[EventDate "2018.??.??"]

1. e4 c5 2. Nf3 Nc6 3. Nc3 d6 4. d4 cxd4 5. Nxd4 e5 6. Nb3 Be6 7. Be3 Nf6 8.
Be2 Be7 9. O-O O-O 10. Kh1 a5 11. f4 a4 12. f5 Bd7 13. Nd2 Nd4 14. Bd3 Bc6 15.
b4 axb3 16. axb3 Rxa1 17. Qxa1 Nd7 18. Bxd4 exd4 19. Ne2 Bf6 20. Nxd4 Qb6 21.
c3 Nc5 22. Bc2 d5 23. Nxc6 Qxc6 24. exd5 Qxd5 25. Rd1 Nd3 26. Ne4 Qxe4 27. Bxd3
Qh4 28. Qa4 Qxa4 29. bxa4 Bxc3 30. Bc4 Re8 31. g3 Re1+ 32. Rxe1 Bxe1 33. Kg2
Kf8 34. Kf3 Ke7 35. Ke4 Bf2 36. g4 b6
1/2-1/2

[Event "Eliteserien 2018 19"]
[Site "Oslo og Tromsø"]
[Date "2018.11.02"]
[Round "1"]
[White "Melaa, Sondre Lillestøl"]
[Black "Mikalsen, Harald"]
[Result "0-1"]
[WhiteElo "2035"]
[BlackElo "2006"]
[PlyCount "117"]
[EventDate "2018.??.??"]

1. e4 e5 2. Nf3 Nc6 3. d4 exd4 4. Nxd4 Bc5 5. Nxc6 Qf6 6. Qf3 dxc6 7. Nc3 Be6
8. Be3 Bb4 9. Qxf6 Nxf6 10. f3 Rd8 11. Bd3 O-O 12. O-O Nd7 13. Ne2 Ne5 14. Rfd1
Bc4 15. Nc1 Rd7 16. Kf2 Rfd8 17. Ke2 Ba6 18. b3 Ba3 19. Bf4 Ng6 20. Bg3 h5 21.
h3 c5 22. Rb1 b5 23. c3 c4 24. bxc4 bxc4 25. Bc2 Rxd1 26. Bxd1 Bd6 27. Bxd6
Rxd6 28. g3 h4 29. gxh4 Nxh4 30. Bc2 g6 31. Rb8+ Kg7 32. Ra8 Ng2 33. Rxa7 Nf4+
34. Ke3 Ng2+ 35. Ke2 Nf4+ 36. Ke3 Ng2+ 37. Kf2 Rd2+ 38. Kg3 Rxc2 39. Rxa6 Ne3
40. Rc6 Rxc1 41. Rxc7 Rxc3 42. Kf2 Nc2 43. a4 Na3 44. e5 Kf8 45. a5 Rc2+ 46.
Ke3 Ra2 47. Kf4 Nb5 48. Rxc4 Rxa5 49. Kg4 Ra1 50. Kg5 Kg7 51. Kf4 Rd1 52. Kg5
Nd4 53. Kf4 Ne6+ 54. Ke4 Rh1 55. Rb4 Rxh3 56. Rb8 Rh4+ 57. Ke3 Rf4 58. Ra8 Kh6
59. Ra5
0-1

[Event "Eliteserien 2018 19"]
[Site "Oslo og Tromsø"]
[Date "2018.11.02"]
[Round "1"]
[White "Tari, Aryan"]
[Black "Aulin-Jansson, Jøran"]
[Result "1-0"]
[WhiteElo "2625"]
[BlackElo "2258"]
[PlyCount "47"]
[EventDate "2018.??.??"]

1. e4 d5 2. exd5 Nf6 3. d4 Qxd5 4. Nc3 Qa5 5. Bc4 Bg4 6. Nf3 Nc6 7. h3 Bh5 8.
g4 Bg6 9. Bd2 Qb4 10. Qe2 O-O-O 11. d5 Na5 12. Bd3 Bxd3 13. cxd3 e6 14. Ne5
exd5 15. g5 Bd6 16. Nxf7 Rhe8 17. Ne4 dxe4 18. Bxb4 exd3 19. Nxd6+ cxd6 20.
Qxe8 Rxe8+ 21. Kf1 Nc6 22. gxf6 Nxb4 23. fxg7 Rg8 24. Rg1
1-0

[Event "Eliteserien 2018 19"]
[Site "Oslo og Tromsø"]
[Date "2018.11.02"]
[Round "1"]
[White "Holm, Kristian Stuvik"]
[Black "Mihajlov, Svetoslav"]
[Result "1-0"]
[WhiteElo "2468"]
[BlackElo "2147"]
[PlyCount "65"]
[EventDate "2018.??.??"]

1. d4 Nf6 2. c4 d6 3. Nf3 g6 4. Nc3 Bf5 5. h3 Ne4 6. Nxe4 Bxe4 7. Ng5 Bf5 8.
Qb3 Bc8 9. c5 d5 10. Bf4 h6 11. Nf3 Bg7 12. e3 O-O 13. Be2 c6 14. O-O Nd7 15.
Qc2 Re8 16. b4 e5 17. Bh2 exd4 18. exd4 Nf8 19. b5 Bf5 20. Qd2 Be4 21. bxc6
Bxf3 22. c7 Qd7 23. Bxf3 Ne6 24. Rab1 Nxd4 25. Rxb7 Nxf3+ 26. gxf3 Be5 27. Bxe5
Rxe5 28. Rb8+ Re8 29. Qf4 d4 30. Rfb1 Qc6 31. Rxa8 Qxa8 32. Rb8 Qc6 33. Qe4
1-0

[Event "Eliteserien 2018 19"]
[Site "Oslo og Tromsø"]
[Date "2018.11.02"]
[Round "1"]
[White "Diesen, Bruce"]
[Black "Kaasen, Tor Fredrik"]
[Result "0-1"]
[WhiteElo "2144"]
[BlackElo "2409"]
[PlyCount "138"]
[EventDate "2018.??.??"]

1. e4 c5 2. Nf3 d6 3. d4 cxd4 4. Nxd4 Nf6 5. Nc3 Nc6 6. Bg5 e6 7. Qd2 Be7 8.
O-O-O Nxd4 9. Qxd4 a6 10. f4 b5 11. e5 dxe5 12. Qxd8+ Bxd8 13. fxe5 Nd7 14.
Bxd8 Kxd8 15. Be2 Ke7 16. Bf3 Ra7 17. Rhe1 Rc7 18. Rd2 Rc5 19. Rde2 Nb6 20. Nd1
Bd7 21. Nf2 a5 22. Nd3 Rc7 23. Rf2 Rhc8 24. Be4 g6 25. Re3 Rc4 26. g4 b4 27.
Nf4 a4 28. Bd3 R4c5 29. Rh3 h5 30. gxh5 g5 31. Ng6+ fxg6 32. hxg6 Rxe5 33. Rf7+
Kd6 34. g7 g4 35. Rg3 Nd5 36. Rxg4 Ne7 37. Rxb4 Rg5 38. Rd4+ Nd5 39. c4 Bb5 40.
Rf8 Rg1+ 41. Kd2 Rg2+ 42. Ke1 Ba6 43. Rxc8 Bxc8 44. cxd5 exd5 45. Rxa4 Rxg7 46.
Rb4 Rg2 47. h4 Rh2 48. Be2 Ke5 49. a4 d4 50. Rb8 Bf5 51. Re8+ Kf4 52. Rf8 Ke3
53. Rxf5 Rxe2+ 54. Kd1 Rxb2 55. Rb5 Rh2 56. Re5+ Kd3 57. h5 Rh1+ 58. Re1 Rxh5
59. Rg1 Kc3 60. Rg3+ d3 61. Rg1 Rh2 62. Kc1 Ra2 63. Kb1 Rb2+ 64. Ka1 Rb4 65.
Rg8 d2 66. Rc8+ Rc4 67. Rd8 Rd4 68. Rc8+ Kb3 69. Rb8+ Ka3
0-1

[Event "Eliteserien 2018 19"]
[Site "Oslo og Tromsø"]
[Date "2018.11.02"]
[Round "1"]
[White "Elsness, Frode"]
[Black "Nilsen, Joachim Birger"]
[Result "1/2-1/2"]
[WhiteElo "2440"]
[BlackElo "2397"]
[PlyCount "54"]
[EventDate "2018.??.??"]

1. c4 Nf6 2. Nc3 c5 3. g3 g6 4. Bg2 Bg7 5. Nf3 O-O 6. O-O Nc6 7. d4 cxd4 8.
Nxd4 Qa5 9. Nb3 Qh5 10. e3 d6 11. Qxh5 Nxh5 12. c5 dxc5 13. Nxc5 Rd8 14. Rb1
Rb8 15. Nb5 b6 16. Na4 Bf5 17. e4 Be6 18. b3 Nd4 19. Nac3 Bd7 20. Nxd4 Bxd4 21.
Bb2 Kf8 22. Rfd1 Bg4 23. Rd2 Be5 24. Rxd8+ Rxd8 25. h3 Bc8 26. Rd1 Ke8 27.
Rxd8+ Kxd8
1/2-1/2

[Event "Eliteserien 2018 19"]
[Site "Oslo og Tromsø"]
[Date "2018.11.02"]
[Round "1"]
[White "Bern, Ivar"]
[Black "Urkedal, Frode Olav Olsen"]
[Result "1/2-1/2"]
[WhiteElo "2302"]
[BlackElo "2512"]
[PlyCount "88"]
[EventDate "2018.??.??"]

1. Nf3 Nf6 2. g3 d5 3. Bg2 e6 4. O-O Be7 5. b3 O-O 6. Bb2 b6 7. d4 Bb7 8. c4
dxc4 9. bxc4 c5 10. e3 cxd4 11. exd4 Nc6 12. Nbd2 Rc8 13. Rc1 Na5 14. Qe2 Ba6
15. Ne5 Nd7 16. Nb3 Nxe5 17. Nxa5 bxa5 18. dxe5 Qb6 19. Rfd1 Rc7 20. Bd4 Qb4
21. Qe3 Rxc4 22. Rb1 Qa4 23. Bf1 Rc6 24. Bxa6 Rxa6 25. Bc5 Bxc5 26. Qxc5 Rb6
27. Rbc1 g6 28. Qe7 Rc6 29. Qd7 Rc4 30. Qxa4 Rxa4 31. Rd2 g5 32. Rc7 a6 33. Kg2
g4 34. h3 h5 35. hxg4 hxg4 36. f3 gxf3+ 37. Kxf3 Rb8 38. Ra7 Rb5 39. Rdd7 Ra3+
40. Kg4 Rb4+ 41. Kh5 Rxg3 42. Ra8+ Kg7 43. Rdd8 Rh3+ 44. Kg5 Rg3+
1/2-1/2

[Event "Eliteserien 2018 19"]
[Site "Oslo og Tromsø"]
[Date "2018.11.02"]
[Round "1"]
[White "Hansen, Torbjørn Ringdal"]
[Black "Stokke, Kjetil"]
[Result "1/2-1/2"]
[WhiteElo "2419"]
[BlackElo "2334"]
[PlyCount "109"]
[EventDate "2018.??.??"]

1. c4 g6 2. Nc3 Bg7 3. d4 d6 4. e4 e5 5. Nge2 Nc6 6. Be3 exd4 7. Nxd4 Nge7 8.
Be2 O-O 9. O-O f5 10. exf5 Bxd4 11. Bxd4 Nxf5 12. Be3 Nxe3 13. fxe3 Rxf1+ 14.
Bxf1 Be6 15. Nd5 Ne5 16. Rc1 Bf7 17. Qd4 c5 18. Qe4 Kg7 19. Rd1 Qd7 20. b4 Qc6
21. bxc5 Qxc5 22. Qf4 Re8 23. Nf6 Re6 24. Ne4 Qc7 25. Nxd6 Be8 26. Qg5 Nf7 27.
Nxf7 Bxf7 28. Qf4 Qe5 29. Qd4 b6 30. Rd3 Kf6 31. Kf2 Rc6 32. Qxe5+ Kxe5 33. Rd7
Rf6+ 34. Ke1 a5 35. Be2 h6 36. a3 g5 37. Rb7 Be8 38. Bf3 Rd6 39. Bd5 Bd7 40.
Ra7 Bc6 41. e4 Bd7 42. Ke2 Kd4 43. h3 h5 44. Ra8 g4 45. hxg4 Bxg4+ 46. Kf2 Rf6+
47. Kg3 Be2 48. Rc8 Rg6+ 49. Kf2 Bd3 50. e5 Kxe5 51. Ke3 Bf5 52. Re8+ Kd6 53.
Rh8 Bg4 54. Kd4 Be2 55. Rb8
1/2-1/2

[Event "Eliteserien 2018 19"]
[Site "Oslo og Tromsø"]
[Date "2018.11.02"]
[Round "1"]
[White "Gullaksen, Eirik"]
[Black "Ranaldi, Lucas"]
[Result "1/2-1/2"]
[WhiteElo "2341"]
[BlackElo "2230"]
[PlyCount "120"]
[EventDate "2018.??.??"]

1. e4 c6 2. d4 d5 3. Nc3 dxe4 4. Nxe4 Bf5 5. Ng3 Bg6 6. N1e2 Nf6 7. h4 h6 8.
Nf4 Bh7 9. c3 e6 10. Bc4 Bd6 11. Qf3 O-O 12. Nd3 Nbd7 13. Bf4 Bxf4 14. Nxf4 e5
15. Nfe2 exd4 16. cxd4 Nb6 17. Bb3 a5 18. Rc1 Re8 19. O-O a4 20. Bc2 Bxc2 21.
Rxc2 Qd5 22. Qxd5 Nbxd5 23. a3 Ne4 24. Rd1 Nxg3 25. Nxg3 Re6 26. Ne2 Rae8 27.
Kf1 Rf6 28. Kg1 Rfe6 29. Kf1 Rf6 30. Kg1 Re4 31. g3 Rfe6 32. Kf1 f5 33. Nc3
Nxc3 34. bxc3 f4 35. Rd3 Re1+ 36. Kg2 fxg3 37. Rxg3 R6e2 38. Rxe2 Rxe2 39. Re3
Rxe3 40. fxe3 g6 41. Kf3 Kf7 42. Kf4 Kf6 43. e4 b6 44. e5+ Ke7 45. Ke4 b5 46.
Kf3 Kd7 47. Ke4 Ke7 48. Kf3 Kf7 49. Ke4 Ke6 50. Kf4 g5+ 51. hxg5 hxg5+ 52. Ke4
g4 53. Kf4 c5 54. dxc5 g3 55. Kxg3 Kxe5 56. c6 Kd6 57. Kf4 Kxc6 58. Ke4 Kc5 59.
Kd3 Kd5 60. Kd2 Kc4
1/2-1/2

[Event "Eliteserien 2018 19"]
[Site "Oslo og Tromsø"]
[Date "2018.11.02"]
[Round "1"]
[White "Gandrud, Vegar Koi"]
[Black "Gabrielsen, Stig"]
[Result "1-0"]
[WhiteElo "2316"]
[BlackElo "2278"]
[PlyCount "81"]
[EventDate "2018.??.??"]

1. d4 Nf6 2. c4 g6 3. Nc3 Bg7 4. e4 d6 5. Nf3 O-O 6. Be2 e5 7. d5 Nh5 8. g3 a5
9. h3 Na6 10. Nh2 Nf6 11. g4 Nc5 12. Qc2 c6 13. Be3 b5 14. dxc6 b4 15. Bxc5
bxc3 16. Rd1 cxb2 17. Bxd6 Qb6 18. Nf3 h5 19. Nxe5 Rd8 20. O-O hxg4 21. hxg4
Be6 22. g5 Ne8 23. c5 Qb4 24. c7 Nxc7 25. Nc6 Qb7 26. Nxd8 Rxd8 27. c6 Qc8 28.
Be7 Re8 29. Bf6 Bxf6 30. gxf6 Bxa2 31. Qxb2 Rxe4 32. Rd4 Bd5 33. Rxe4 Bxe4 34.
Qe5 Bxc6 35. Rc1 Qb7 36. Qd6 Bh1 37. Qh2 Bc6 38. Qd6 Bh1 39. Qh2 Bc6 40. Qh6
Ne6 41. Bg4
1-0

[Event "Eliteserien 2018 19"]
[Site "Oslo og Tromsø"]
[Date "2018.11.02"]
[Round "1"]
[White "Soderstrom, Adrian"]
[Black "Røyset, Pål"]
[Result "1-0"]
[WhiteElo "2118"]
[BlackElo "2165"]
[PlyCount "65"]
[EventDate "2018.??.??"]

1. d4 Nf6 2. c4 e6 3. Nf3 d5 4. Nc3 Be7 5. Bf4 O-O 6. e3 c6 7. c5 b6 8. b4 a5
9. a3 Na6 10. Bd3 Bb7 11. Rb1 axb4 12. axb4 b5 13. h3 g6 14. O-O Re8 15. Ne5
Nd7 16. Ng4 Bf6 17. Nxb5 cxb5 18. Bxb5 Bc8 19. c6 Bg7 20. cxd7 Bxd7 21. Bxd7
Qxd7 22. b5 Nb8 23. Qb3 f6 24. Rfc1 e5 25. Bh6 e4 26. Rc5 Rd8 27. Rbc1 Qe6 28.
Rc7 Nd7 29. R1c6 Qf5 30. Bxg7 Kxg7 31. Rxf6 Qg5 32. Rd6 Qe7 33. Qxd5
1-0

[Event "Eliteserien 2018 19"]
[Site "Oslo og Tromsø"]
[Date "2018.11.02"]
[Round "1"]
[White "Øye-Strømberg, Alexander"]
[Black "Machlik, Monika"]
[Result "0-1"]
[WhiteElo "1861"]
[BlackElo "2071"]
[PlyCount "146"]
[EventDate "2018.??.??"]

1. e4 c6 2. d4 d5 3. f3 g6 4. Be3 Qb6 5. b3 Bg7 6. Nc3 dxe4 7. Nxe4 Nd7 8. Ne2
Ngf6 9. N2g3 Nd5 10. Bf2 Bh6 11. a3 Be3 12. Bxe3 Nxe3 13. Qd3 Qxd4 14. Rc1 Qxd3
15. cxd3 Nb6 16. Kf2 Nxf1 17. Nxf1 Bf5 18. Ne3 Bxe4 19. dxe4 O-O-O 20. Rhd1
Rxd1 21. Rxd1 Rd8 22. Rxd8+ Kxd8 23. Ke2 Kd7 24. Kd3 e5 25. Ng4 Ke6 26. Ne3 Nc8
27. Nd1 Nd6 28. Nc3 Ne8 29. Na4 Kd6 30. Nb2 b6 31. Nc4+ Ke6 32. Ne3 Nd6 33. Nc2
Nb5 34. Kc4 Kd6 35. b4 Nc7 36. a4 b5+ 37. axb5 cxb5+ 38. Kc3 f5 39. Ne3 fxe4
40. fxe4 Ne6 41. Nc2 h5 42. g3 Ng5 43. Kd3 Nh3 44. Ke2 Ng5 45. Kd3 Ne6 46. Kc3
Kc6 47. Kd3 Kb6 48. Ne3 Nc7 49. g4 a5 50. gxh5 gxh5 51. Kc3 axb4+ 52. Kxb4 Na6+
53. Kb3 Nc5+ 54. Kb4 Nxe4 55. Nd5+ Kc6 56. Ne7+ Kd7 57. Ng6 Ke6 58. Kxb5 Kf6
59. Nf8 Nd2 60. Kc5 Kf5 61. Kd5 e4 62. Ne6 e3 63. Ng7+ Kg4 64. h3+ Kf3 65. Nf5
e2 66. Nd4+ Kf2 67. Nc2 e1=Q 68. Nxe1 Kxe1 69. Ke5 Kf2 70. Kf4 Nf3 71. h4 Kg2
72. Ke4 Nxh4 73. Kf4 Nf3
0-1

[Event "Eliteserien 2018 19"]
[Site "Oslo og Tromsø"]
[Date "2018.11.02"]
[Round "2"]
[White "Urkedal, Frode Olav Olsen"]
[Black "Hobber, Anders"]
[Result "1-0"]
[WhiteElo "2512"]
[BlackElo "2310"]
[PlyCount "135"]
[EventDate "2018.??.??"]

1. d4 d5 2. c4 c6 3. Nf3 Nf6 4. Nc3 a6 5. e3 g6 6. Be2 Bg7 7. O-O O-O 8. cxd5
cxd5 9. Ne5 b5 10. Qb3 e6 11. a4 bxa4 12. Rxa4 Nfd7 13. f4 Nxe5 14. fxe5 Nc6
15. Bd2 Rb8 16. Qa3 Qb6 17. Nd1 Ra8 18. b4 Na7 19. Nc3 Rb8 20. Rb1 Nb5 21. Nxb5
axb5 22. Ra7 Rb7 23. Ra6 Qd8 24. Ra8 Qb6 25. Rc1 Bd7 26. Ra6 Qd8 27. Be1 Qb8
28. Bh4 Rc8 29. Rxc8+ Qxc8 30. Be7 h5 31. Bc5 Qd8 32. Bf3 Rb8 33. Ra7 Be8 34.
g3 Qg5 35. Qd3 Bh6 36. Kf2 Qd8 37. Qa3 Qg5 38. Qd3 Qd8 39. Ra5 Ra8 40. Qa3 Rc8
41. Ra7 Qg5 42. Qd3 Qd8 43. e4 Ra8 44. Bb6 Qb8 45. Ra5 Qb7 46. exd5 exd5 47.
Bc5 Rd8 48. Ra7 Qc6 49. Qa3 Qc8 50. Qa5 Qf5 51. Qa2 g5 52. Ke2 g4 53. Bg2 Qg5
54. Ra3 Qc1 55. Qa1 Qc2+ 56. Kf1 Bc1 57. Ra2 Qd1+ 58. Kf2 Bd7 59. Qc3 Bf5 60.
Ra1 Bc2 61. Qe1 Qxe1+ 62. Kxe1 Bb2 63. Ra6 Bc3+ 64. Ke2 Bb3 65. Kd3 Bb2 66. Kd2
Kg7 67. Rd6 Rxd6 68. exd6
1-0

[Event "Eliteserien 2018 19"]
[Site "Oslo og Tromsø"]
[Date "2018.11.02"]
[Round "2"]
[White "Lahlum, Hans Olav"]
[Black "Storme, Isak"]
[Result "1/2-1/2"]
[WhiteElo "2122"]
[BlackElo "2271"]
[PlyCount "113"]
[EventDate "2018.??.??"]

1. d4 d5 2. c4 dxc4 3. e4 Nf6 4. Nc3 e5 5. Nf3 exd4 6. Qxd4 Qxd4 7. Nxd4 Bc5 8.
Ndb5 Na6 9. Bf4 c6 10. Nd6+ Bxd6 11. Bxd6 Be6 12. f4 O-O-O 13. O-O-O Rhe8 14.
f5 Nxe4 15. Nxe4 Bd5 16. Nc5 Rxd6 17. Nxa6 bxa6 18. Bxc4 Kc7 19. Bxd5 Rxd5 20.
Rxd5 cxd5 21. Kd2 Kd6 22. Rc1 Rb8 23. b3 Rb7 24. Kd3 Ke5 25. Rc6 Kxf5 26. Rxa6
Ke5 27. g3 f5 28. Ra4 g5 29. Ke3 Rc7 30. Kd3 f4 31. gxf4+ gxf4 32. Ra6 f3 33.
Ke3 Rf7 34. Kf2 d4 35. Rc6 d3 36. Rc1 Kd4 37. Rc4+ Kd5 38. Rc3 Ke4 39. Rc4+ Ke5
40. Rc5+ Kf4 41. Rc4+ Ke5 42. Rc5+ Kd4 43. Rc4+ Kd5 44. Rc3 d2 45. Rd3+ Ke4 46.
Rxd2 Rg7 47. Kf1 Rc7 48. Kf2 h5 49. b4 h4 50. b5 Rg7 51. Kf1 Ke3 52. Rb2 Rc7
53. Rb3+ Kf4 54. Rb4+ Kg5 55. Kf2 Rc2+ 56. Kxf3 Rxa2 57. b6
1/2-1/2

[Event "Eliteserien 2018 19"]
[Site "Oslo og Tromsø"]
[Date "2018.11.02"]
[Round "2"]
[White "Notkevich, Benjamin Arvola"]
[Black "Galchenko, Matvey"]
[Result "0-1"]
[WhiteElo "2495"]
[BlackElo "2361"]
[PlyCount "60"]
[EventDate "2018.??.??"]

1. e4 e6 2. d4 d5 3. Nc3 Bb4 4. e5 Ne7 5. a3 Bxc3+ 6. bxc3 c5 7. Qg4 cxd4 8.
Bd3 Qa5 9. Ne2 O-O 10. Bg5 Nbc6 11. Qg3 Kh8 12. h4 f5 13. exf6 gxf6 14. Qf3 Nf5
15. Qh5 Qc7 16. g4 Nd6 17. Nf4 Rf7 18. Qh6 fxg5 19. hxg5 Ne4 20. g6 Rxf4 21.
O-O-O e5 22. f3 Bxg4 23. Bxe4 dxe4 24. fxg4 Qe7 25. Qxh7+ Qxh7 26. Rxh7+ Kg8
27. Rdh1 Raf8 28. Kb2 R8f6 29. Rh8+ Kg7 30. g5 Rf8
0-1

[Event "Eliteserien 2018 19"]
[Site "Oslo og Tromsø"]
[Date "2018.11.02"]
[Round "2"]
[White "Lund, Gunnar"]
[Black "Flermoen, Peter"]
[Result "0-1"]
[WhiteElo "2228"]
[BlackElo "2314"]
[PlyCount "88"]
[EventDate "2018.??.??"]

1. e4 c5 2. Nf3 g6 3. c3 Nf6 4. e5 Nd5 5. d4 cxd4 6. cxd4 Bg7 7. Bc4 Nb6 8. Bb3
O-O 9. O-O d6 10. Qe2 Bg4 11. Rd1 Nc6 12. Bf4 Qc7 13. Nc3 dxe5 14. Bg3 Rad8 15.
Nb5 Bxf3 16. Qxf3 Qb8 17. dxe5 Rxd1+ 18. Rxd1 Bxe5 19. Nd4 Nxd4 20. Rxd4 e6 21.
Rh4 Nd7 22. Qe3 Rd8 23. Qg5 Bxg3 24. hxg3 Nf8 25. Qc5 b6 26. Qc3 Qd6 27. Qf6
Qd2 28. Rf4 Rd7 29. Ba4 Qc1+ 30. Kh2 Rb7 31. Be8 Qc7 32. Qg5 f5 33. Ba4 Qe7 34.
Qh6 Qg7 35. Qg5 Qxb2 36. Qd8 Qxa2 37. Qc8 Rf7 38. Be8 Rg7 39. Bb5 Qd5 40. Qe8
Qd6 41. Rf3 Qe7 42. Qc8 h5 43. Bc4 h4 44. g4 Qc7+
0-1

[Event "Eliteserien 2018 19"]
[Site "Oslo og Tromsø"]
[Date "2018.11.02"]
[Round "2"]
[White "Klukin, Kirill"]
[Black "Røyset, Pål"]
[Result "1-0"]
[WhiteElo "2326"]
[BlackElo "2165"]
[PlyCount "87"]
[EventDate "2018.??.??"]

1. Nf3 Nf6 2. d4 c5 3. d5 d6 4. c4 g6 5. Nc3 Bg7 6. h3 O-O 7. Bf4 Nh5 8. Bh2
Qa5 9. Qd2 f5 10. e3 a6 11. Be2 Bd7 12. O-O b5 13. Ng5 b4 14. Nd1 Nf6 15. Bf3
Qc7 16. a3 a5 17. Ne6 Bxe6 18. dxe6 Ra7 19. g4 Ne4 20. Qc2 Ng5 21. Bd5 Nxh3+
22. Kg2 fxg4 23. Qe4 Rf5 24. Bg3 h5 25. f4 bxa3 26. Rxa3 Qb6 27. Qc2 Qd8 28.
Be4 Qf8 29. Bxf5 Qxf5 30. Qxf5 gxf5 31. Nc3 Rb7 32. Nb5 Bxb2 33. Rxa5 Bf6 34.
Rd1 Rb6 35. Rd5 Nc6 36. Ra8+ Kg7 37. Rxf5 h4 38. Bxh4 Kg6 39. Rxf6+ exf6 40.
Kg3 Kf5 41. Rf8 Kxe6 42. Rxf6+ Kd7 43. Rxd6+ Kc8 44. Kxg4
1-0

[Event "Eliteserien 2018 19"]
[Site "Oslo og Tromsø"]
[Date "2018.11.02"]
[Round "2"]
[White "Østmoe, Geir Sune Tallaksen"]
[Black "Blomqvist, Erik"]
[Result "0-1"]
[WhiteElo "2434"]
[BlackElo "2491"]
[PlyCount "116"]
[EventDate "2018.??.??"]

1. e4 c5 2. b3 g6 3. Bb2 Nf6 4. e5 Nd5 5. Bc4 Nb6 6. Bd3 Bg7 7. f4 Nc6 8. Nc3
d6 9. exd6 O-O 10. Nf3 exd6 11. O-O d5 12. Re1 Qd6 13. g3 Bg4 14. Nb5 Qd7 15.
Bxg7 Kxg7 16. Be2 Rae8 17. Ne5 Nxe5 18. fxe5 Rxe5 19. Bxg4 Rxe1+ 20. Qxe1 Qxb5
21. Qe5+ f6 22. Qe7+ Rf7 23. Qe6 Qc6 24. Qxc6 bxc6 25. Re1 f5 26. Bf3 Kf6 27.
Re8 Nd7 28. Kf2 Rf8 29. Re3 h5 30. h4 Rb8 31. Rc3 Ke5 32. Re3+ Kd6 33. Re1 a5
34. Re2 Nf8 35. Re1 Ne6 36. Re3 Ra8 37. Re1 a4 38. Rb1 Rb8 39. a3 Nd4 40. Bd1
axb3 41. cxb3 Ra8 42. a4 Rb8 43. Ke3 Rb4 44. a5 Kc7 45. Kf4 c4 46. Kg5 cxb3 47.
Rb2 c5 48. Kxg6 c4 49. Kxh5 Ra4 50. g4 fxg4 51. Kxg4 Ra1 52. Bf3 Kd6 53. Bg2
Ra2 54. Rb1 Rxd2 55. Bh3 c3 56. Rf1 Ra2 57. h5 Rxa5 58. h6 Ra7
0-1